Регионална библиотека "Любен Каравелов" - Русе

Г. М. Стэнли (Запис номер 430882)

MARC детайли
000 -Лидер
Контролно поле с фиксирана дължина nam a22 a 4500
003 - Код на организацията, давaща контролен номер
Контролно поле BLK
005 - Дата и час на последна редакция
Контролно поле 20210902095449.0
008 - Елементи от данни с фиксирана дължина
fixed length control field 180412b bul|||||r ||||||| ||bul||
040 ## - Източник на каталожния запис
Идентификатор на билиотеката - собственик на записа BLK
041 ## - Код за език
Код за езика на текст/звукозапис или на отделно заглавие Руски
Код за езика КДБФ Руски
080 ## - УДК
Текстов определител УДК Общи въпроси на географията. Географията като наука. Географски изследвания на страните, пътешествия
УДК код - определител по УДК 910
УДК определител (6)
УДК - код + определител 910(6)
100 1# - Редна дума - Автор
Автор Абрамов, Яков Васильевич
Авторска отговорност първи автор
R(LIN) 249445
139 ## - Редно поле
Редна дума Абрамов, Яков Васильевич
Авторски знак Абд - А 13
245 10 - Сведения за заглавието
Заглавие Г. М. Стэнли
Подзаглавни данни Его жизнь, путешествия и географ. открытия : С портр. Стэнли, грав. в Лейпциге Геданом, и с геогр. картой
Редно поле (дума) Яков Васильевич Абрамов
257 ## - Страна на издаване
Страна на създаване/издаване Русия
260 ## - Област на издателските данни
Място на издаване, разпространение и проч. Санкт-Петербург
Име на издателя, разпространителя и проч. тип. и лит. А. Траншель
Година на издаване 1891
9 (RLIN) 463752
300 ## - Физическа характеристика
Страници 93 с.,
Илюстрации и др. [2] л. портр. и красоч. карт.
Размери/Мащаб 19 см
380 ## - Жанр
Жанр История
490 1# - СЕРИИ (Колекции)
Име на серия Жизнь замечательных людей
490 1# - СЕРИИ (Колекции)
Име на серия Биографическая библиотека Флорентия Павленкова
490 ## - СЕРИИ (Колекции)
Име на серия Колекция Редки и ценни издания
9 (RLIN) 435080
600 #0 - Име на лице, използвано като предмет
За него / За нея Стенли, Хенри Мортън
9 (RLIN) 463753
650 #7 - Допълнително описание по предмет – тема
Основно описание – тема или топоним География
9 (RLIN) 151794
653 #7 - Ключова дума – ненормативна
Ключова дума история
9 (RLIN) 187889
653 #7 - Ключова дума – ненормативна
Ключова дума географски открития
9 (RLIN) 183944
852 ## - Местоположение
Форматна сигнатура Рр 891
Фондова буква Редки и ценни
856 4# - Електронен адрес и достъп
Електронен формат pdf - файл
Път до файла /url/
856 4# - Електронен адрес и достъп
Електронен формат pdf - файл
Път до файла /url/
999 ## - СИСТЕМНИ КОНТРОЛНИ НОМЕРА
Koha biblionumber 430882
Koha biblioitemnumber 430882
942 ## - АРТИКУЛИ
Вид на библиотечния материал Книги
Скрит в OPAC Не
Периодичен библиозапис Да
944 ## - СЪЗДАВАНЕ И РЕДАКЦИЯ на ЗАПИСА
Създаване/Редакция Създаване
Дата на регистрацията/редакция 2021-09-02
Служител, извършил регистрацията/редакцията К.Д.
Наличности
Код за отписване Код за изгубен артикул Източник на класификационната схема Код за повреда Коз за рестрикции Код за отдаване Артикулен № Име на библиотеката - собственик Име на библиотеката, в която се намира в момента Статус (Текущо местоположение) Дата на вписване в системата Местоположение - отдел Цена в лева Инвентарен номер Систематично азбучна сигнатура Баркод Цена в евро Служебен тип на артикула
  Не е изгубен Universal Decimal Classification Не е повреден само за читалня Специални фондове ( старопечатни, редки и ценни, фонд М. Арнаудов) 855089 Регионална библиотека "Любен Каравелов" Русе Регионална библиотека "Любен Каравелов" Русе Редки и ценни 2021-09-24 Редки и ценни 0.08 7897 Рр 891 900000077215 0.04 Книги
Vip Innovations Ltd, Rousse, Bulgaria 2025